GTA V Cars By Picture - Statistics

General Stats
  • This quiz has been taken 973 times
  • The average score is 5 of 12
Answer Stats
Picture Answer % Correct
Bravado Gauntlet Hellfire
71%
Obey 9F
67%
Grotti Itali GTO
59%
Ubermacht Sentinel
55%
Benefactor Schlagen GT
43%
Peassi Torero XO
41%
Obey Omnis e-GT
39%
Grotti Carbonizzare
38%
Ocelot Virtue
37%
Declasse Vigero ZX
36%
Ocelot Ardent
31%
Karin S95
30%
No matching quizzes found
Score Distribution
Percent of People with Each Score
Percentile by Number Answered
Your Score History
You have not taken this quiz